00437nam a22001457a 450000500170000000800410001704000070005824500340006525000270009930000170012649000240014352001050016765000090027265000100028120250513151842.0250513b |||||||| |||| 00| 0 eng d cDO aThe race to save inca mummies aMay 2002 Vol. 201 No.5 eMap Included aNational Geographic aFOOD: How Safe? How Altered?, Uncommon Vision, Catfish Hunters, Inca Rescue, Italy's Po river, 60614 xINCA xRIVER